书目信息 |
| 题名: |
体质健康测评的基本理论与方法研究
|
|
| 作者: | 张金铭 著 | |
| 分册: | ||
| 出版信息: | 北京 中国水利水电出版社 2018 |
|
| 页数: | 309页 | |
| 开本: | 24cm | |
| 丛书名: | ||
| 单 册: | ||
| 中图分类: | Q984 , R194.3 | |
| 科图分类: | ||
| 主题词: | 人体测量--ren ti ce liang--监测 , 体格检查--ti ge jian cha--监测 | |
| 电子资源: | http://www.zxhsd.com/kgsm/ts/2018/04/16/4087175.shtml | |
| ISBN: | 978-7-5170-5603-4 | |
| 000 | 00994nam0 2200289 450 | |
| 001 | 012001001397 | |
| 005 | 20140108090349.0 | |
| 010 | @a978-7-5170-5603-4@dCNY88.00 | |
| 099 | @aCAL 012018055459 | |
| 100 | @a20180419d2018 em y0chiy50 ea | |
| 101 | 0 | @achi |
| 102 | @aCN@b110000 | |
| 105 | @aa a 000yy | |
| 106 | @ar | |
| 200 | 1 | @a体质健康测评的基本理论与方法研究@Ati zhi jian kang ce ping de ji ben li lun yu fang fa yan jiu@f张金铭著 |
| 210 | @a北京@c中国水利水电出版社@d2018 | |
| 215 | @a309页@c图@d24cm | |
| 320 | @a有书目 (第308-309页) | |
| 330 | @a本书对体质健康测评的基本理论进行了分析和研究,主要对身体形态、机能、素质测评的操作方法进行了探讨。 | |
| 606 | 0 | @a人体测量@Aren ti ce liang@x监测 |
| 606 | 0 | @a体格检查@Ati ge jian cha@x监测 |
| 690 | @aQ984@v5 | |
| 690 | @aR194.3@v5 | |
| 701 | 0 | @a张金铭@Azhang jin ming@4著 |
| 801 | 0 | @aCN@b北京卓展@c20191020 |
| 856 | 4 | @uhttp://www.zxhsd.com/kgsm/ts/2018/04/16/4087175.shtml |
| 905 | @b1201847-50@dQ984@e72@f4 | |
| 体质健康测评的基本理论与方法研究/张金铭著.-北京:中国水利水电出版社,2018 |
| 309页:图;24cm |
| ISBN 978-7-5170-5603-4:CNY88.00 |
| 本书对体质健康测评的基本理论进行了分析和研究,主要对身体形态、机能、素质测评的操作方法进行了探讨。 |
| ● |
| 相关链接 |
|
|
|
|
正题名:体质健康测评的基本理论与方法研究
索取号:Q984/72
 
预约/预借
| 序号 | 登录号 | 条形码 | 馆藏地/架位号 | 状态 | 备注 |
| 1 | 1201847 | 212018476 | 第二样本阅览室/ [索取号:Q984/72] | 在馆 | |
| 2 | 1201848 | 212018485 | 第三借阅区/ [索取号:Q984/72] | 在馆 | |
| 3 | 1201849 | 212018494 | 第三借阅区/ [索取号:Q984/72] | 在馆 | |
| 4 | 1201850 | 212018500 | 第三借阅区/ [索取号:Q984/72] | 在馆 |